01069nam a2200265uu 450000100100000000500170001000800390002704000170006608200210008310000400010424501030014426000660024730000220031349000890033550000210042450000220044565000330046765300220050065500240052265000310054670000630057794200240064099900170066495201220068101090393320161130144610.0040420s1960 xxk gr f000 ||eng cWSUdOKOdUk04222a 338.91bBLA1 aBlack, Eugene Robert,d1898-93469914aThe diplomacy of economic development /cEugene R. Black ; with a foreword by Christian A. Herter. aCambridge, United Kingdom :bHarvard University Press,c1960. ax, 74p. ;c22 cm.0 aThe William L. Clayton lectures on international economic affairs and foreign policy aIndex : p.73-74. aInclude appendix. 0aEconomic development.910495 bEcocDecember2013 vreading book934232 0934701aEconomic assistance1 934700aHerter, Christian A.eauthor of introduction, etc.  2ddccBBk338.91 BLA c17877d17849 00102ddc40708Donation-GaMAINbMAINc1STd2013-12-19eDonationl0o338.91 BLAp000035245r2025-07-15 00:00:00yBB